De allá para acá : (Registro nro. 25348)
[ vista simple ]
| 000 -CABECERA | |
|---|---|
| Longitud fija campo de control | 00629nam a2200205 a 4500 |
| 003 - • IDENTIFICADOR DELl NÚMERO DE CONTROL | |
| Identificador del número de control | CO-ViMGA |
| 008 - • CÓDIGOS DE INFORMACIÓN DE LONGITUD FIJA | |
| Códigos de información de longitud fija | 141112s2004 ck r 000 u spa d |
| 020 ## - • NÚMERO INTERNACIONAL NORMALIZADO PARA LIBROS | |
| Número Internacional Normalizado para Libros (ISBN) | 9588159199 |
| 040 ## - FUENTE DE LA CATALOGACIÓN | |
| Centro catalogador de origen | CO-ViMGA |
| Lengua de catalogación | spa |
| Centro transcriptor | CO-ViMGA |
| 082 04 - • NÚMERO DE LA CLASIFICACIÓN DECIMAL DEWEY | |
| Número de clasificación (R) | Co863.44 S377a |
| 100 1# - • PUNTO DE ACCESO PRINCIPAL-NOMBRE DE PERSONA | |
| Nombre de persona | Serrano, Rymel; Jurisch, Mario |
| 245 10 - • TITULO PROPIAMENTE DICHO | |
| Título | De allá para acá : |
| Resto del título | Antología del cuento (tomo 1) |
| 300 ## - • DESCRIPCIÓN FÍSICA | |
| Extensión | 181p. |
| 490 ## - • MENCIÓN DE SERIE | |
| Mención de serie | Premios departamentales de cultura |
| 650 14 - • PUNTO DE ACCESO ADICIONAL DE MATERIA - TÉRMINO DE MATERIA | |
| Término de materia o nombre geográfico como elemento inicial | AUTORES COLOMBIANOS - CRITICA E INTERPRETACION |
| 650 14 - • PUNTO DE ACCESO ADICIONAL DE MATERIA - TÉRMINO DE MATERIA | |
| Término de materia o nombre geográfico como elemento inicial | CUENTOS COLOMBIANOS |
| 942 ## - ENTRADA DE ELEMENTOS AGREGADOS (KOHA) | |
| Fuente de clasificaión o esquema | Dewey Decimal Classification |
| Koha [por defecto] tipo de item | LIbro |
| Perdido | Fuente de clasificación o esquema | Estado Físico | No para préstamo | Forma de adquisición | Localización permanente | Localización actual | Localización en estanterías | Fecha adquisición | Préstamos totales | Signatura completa | Código de barras | Fecha última consulta | Número de copia | Fecha del precio de reemplazo | Tipo de item de Koha |
|---|---|---|---|---|---|---|---|---|---|---|---|---|---|---|---|
| Dewey Decimal Classification | Colección General | Biblioteca Pública Puerto López - Jorge Eliecer Gaitán | Biblioteca Pública Puerto López - Jorge Eliecer Gaitán | General | 08/28/2025 | Co863.44 S377a | PLZ02952 | 08/28/2025 | Ej.1 | 08/28/2025 | LIbro | ||||
| Dewey Decimal Classification | Colección General | Biblioteca Pública Puerto López - Jorge Eliecer Gaitán | Biblioteca Pública Puerto López - Jorge Eliecer Gaitán | General | 08/28/2025 | Co863.44 S377a | PLZ02953 | 08/28/2025 | Ej.2 | 08/28/2025 | LIbro | ||||
| Dewey Decimal Classification | Colección General | Biblioteca Pública Barranca de Upia - María Dolores Herrera | Biblioteca Pública Barranca de Upia - María Dolores Herrera | Literatura | 09/21/2023 | C DEA1 | BUP00596 | 09/21/2023 | Ej.1 | 09/21/2023 | LIbro | ||||
| Dewey Decimal Classification | Biblioteca Pública Mesetas - Franco lodo Poloxi | Biblioteca Pública Mesetas - Franco lodo Poloxi | Literatura | 12/12/2024 | C DEA | MEE00990 | 12/12/2024 | Ej.1 | 12/12/2024 | LIbro | |||||
| Dewey Decimal Classification | Colección General | Biblioteca Pública San Juanito - Ernesto Maria Peña Romero | Biblioteca Pública San Juanito - Ernesto Maria Peña Romero | Literatura | 06/13/2025 | C DEA1 | SJU01826 | 06/13/2025 | Ej.1 | 06/13/2025 | LIbro | ||||
| Dewey Decimal Classification | Colección General | Biblioteca Pública San Juanito - Ernesto Maria Peña Romero | Biblioteca Pública San Juanito - Ernesto Maria Peña Romero | Literatura | 07/16/2025 | C DEA2 | SJU02015 | 07/16/2025 | Ej.1 | 07/16/2025 | LIbro | ||||
| Dewey Decimal Classification | Colección General | Biblioteca Pública Uribe - Reinerio Arenas | Biblioteca Pública Uribe - Reinerio Arenas | Literatura | 12/26/2024 | C DEA1 | URI02022 | 12/26/2024 | Ej.1 | 12/26/2024 | Libro Literatura |